Avengers Synonyms - Statistics

General Stats
  • This quiz has been taken 42 times
  • The average score is 7 of 10
Answer Stats
Hint Answer % Correct
Lieutenant United States Captain America
100%
Fe-male Iron Man
78%
Ebony Puma Black Panther
76%
The Hornet The Wasp
76%
Arachne-Boy Spider-Man
73%
The Crimson Enchantress The Scarlett Witch
70%
Physician Weird Dr. Strange
65%
Hawk Falcon
65%
Sun Master Starlord
51%
Space Ship Rocket
32%
No matching quizzes found
Score Distribution
Percent of People with Each Score
Percentile by Number Answered
Your Score History
You have not taken this quiz